Регионална библиотека "Любен Каравелов" - Русе

Паркът на призраците (Запис номер 106761)

MARC детайли
000 -Лидер
Контролно поле с фиксирана дължина 01292nam a2200337 c 4500
003 - Код на организацията, давaща контролен номер
Контролно поле BLK
005 - Дата и час на последна редакция
Контролно поле 20220827130134.0
008 - Елементи от данни с фиксирана дължина
fixed length control field 180409b bul|||||r ||||||| ||bul||
010 ## - Наследен системен номер
LC control number KNG00112026000
020 ## - Международен стандартен номер на книга ISBN
Международен стандартен номер на книга ISBN 954-657-460-0
-- издат.: ПАН
040 ## - Източник на каталожния запис
Идентификатор на билиотеката - собственик на записа BLK
041 ## - Код за език
Код за езика на текст/звукозапис или на отделно заглавие Български
Код за езика КДБФ Български
080 ## - УДК
Текстов определител УДК Българска литература
УДК код - определител по УДК 821.163.2
УДК определител -054.7-93-31
УДК - код + определител 821.163.2-054.7-93-31
100 1# - Редна дума - Автор
Автор Енев, Златко Димитров
Авторска отговорност първи автор
R(LIN) 280503
139 ## - Редно поле
Редна дума Енев, Златко
Авторски знак Ене - Е 64
245 10 - Сведения за заглавието
Заглавие Паркът на призраците
Редно поле (дума) Златко Димитров Енев; ил. Никифор Русков.
257 ## - Страна на издаване
Страна на създаване/издаване България
260 ## - Област на издателските данни
-- София
Име на издателя, разпространителя и проч. ПАН
Година на издаване 2003
Печатница София : Унискорп
300 ## - Физическа характеристика
Страници 280 с.
Илюстрации и др. с ил.
Размери/Мащаб 24 см
380 ## - Жанр
Жанр Детска худож. лит.
500 ## - Общи забележки
Забележка Офс. изд. - Съдържа и за авт. Кн. е 2 ч. от трилогията Гората на призраците.
653 ## - Ключова дума – ненормативна
Ключова дума романи
653 ## - Ключова дума – ненормативна
Ключова дума литература за деца
653 ## - Ключова дума – ненормативна
Ключова дума детска литература
700 1# - Други автори (авторска отговорност)
Лично име Русков, Никифор
Автороска отговорност (Описва отношението между автора и произведението) ил.
9 (RLIN) 364263
852 ## - Местоположение
Форматна сигнатура Цб 218796
856 4# - Електронен адрес и достъп
Електронен формат pdf - файл
Път до файла /url/
856 4# - Електронен адрес и достъп
Електронен формат pdf - файл
Път до файла /url/
942 ## - АРТИКУЛИ
Вид на библиотечния материал Книги
Скрит в OPAC Не
Koha issues (borrowed), all copies 27
944 ## - СЪЗДАВАНЕ И РЕДАКЦИЯ на ЗАПИСА
Създаване/Редакция Създаване
Дата на регистрацията/редакция 30.03.2004
Служител, извършил регистрацията/редакцията Людмила_Стоянова
944 ## - СЪЗДАВАНЕ И РЕДАКЦИЯ на ЗАПИСА
Създаване/Редакция Редакция
Дата на регистрацията/редакция 07.02.2007
Служител, извършил регистрацията/редакцията
999 ## - СИСТЕМНИ КОНТРОЛНИ НОМЕРА
Koha biblionumber 106761
Koha biblioitemnumber 106761
Наличности
Код за отписване Код за изгубен артикул Източник на класификационната схема Код за повреда Коз за рестрикции Код за отдаване Артикулен № Име на библиотеката - собственик Име на библиотеката, в която се намира в момента Статус (Текущо местоположение) Дата на вписване в системата Местоположение - отдел Цена в лева Инвентарен номер Систематично азбучна сигнатура Баркод Номер на екземпляра Цена в евро Служебна бележка Служебен тип на артикула
  Не е изгубен Universal Decimal Classification Не е повреден без рестрикции заемане за дома 172315 Регионална библиотека "Любен Каравелов" Русе Регионална библиотека "Любен Каравелов" Русе Детски отдел 2004-03-30 Детски отдел 6.15 120000684182 ДХ 886.7/Е 64 120000684182 1 3.14 Дост: Pk Вид: Ф N: 11249 Дата: 18.03.2004 Дата инв: 19.08.2015 Бележки инв: Д2015 Книги
Изтеглен Не е изгубен Universal Decimal Classification Не е повреден без рестрикции заемане за дома 172316 Регионална библиотека "Любен Каравелов" Русе Регионална библиотека "Любен Каравелов" Русе Детски отдел 2004-03-30 Детски отдел 6.15 120000684183 ДХ 886.7/Е 64 120000684183 2 3.14 Дост: Pk Вид: Ф N: 11249 Дата: 18.03.2004 Дата инв: 10.09.2015 Бележки инв: Д2015 Книги
  Не е изгубен   Не е повреден без рестрикции ползва се в читалня 172317 Регионална библиотека "Любен Каравелов" Русе Регионална библиотека "Любен Каравелов" Русе Хранилище 2006-01-13 Хранилище 8.50 120000699343 Цб 218796 120000699343 3 4.35 Дост: Dp Вид: Д N: 1 Дата: 08.12.2004 Книги
Vip Innovations Ltd, Rousse, Bulgaria 2025